000 00329 a2200145 4500
001 152551
040 _cEscola São Tomás de Aquino
100 _aRENNÓ, Regina
240 1 0 _aLápis de cor
_lpor
245 1 0 _aLápis de cor
362 0 _a2009
440 1 _aEditora do Brasil
697 _a*LITERATURA INFANTO
942 _cBK
999 _c152551
_d152551